01805nam a22003251a 4500999001700000001001000017003000900027005001700036008004100053020002500094040004500119082002000164100003400184245006600218264005800284300004700342336002600389337002800415338002700443490003900470500003300509504005100542520060500593650004001198650003901238653002701277655001701304942001201321952014601333 c27838d27809013715313EG-ScBUE20191215135018.0070416r20072002enka f b 001 0 eng d a9780199226696 (pbk.) aStDuBDSbengerdacStDuBDSdUkdEG-ScBUE04a492.75bWAT2221 aWatson, Janet C. E.,eauthor.14aThe phonology and morphology of Arabic /cJanet C. E. Watson. 1aOxford ;aNew York :bOxford University Press,c2007. axiii, 307 pages :billustrations ;c24 cm. atextbtxt2rdacontent aunmediatedbn2rdamedia avolumebnc2rdacarrier0 aPhonology of the world's languages aOriginally published : 2002. aIncludes bibliographical references and index. aThis is an account of the phonology and morphology of modern spoken Arabic, the first to be published in any language and based largely on the author's research. Dr Watson's approach is theoretically innovative and aware, but accessible to Arabic language specialists outside linguistics. Broad in coverage, this is an important and pioneering book. - ;This book is the first comprehensive account of the phonology and morphology of Arabic. It is a pioneering work of scholarship based on the author's research in the region. Arabic is a Semitic language spoken by some 250 million people in an area. 7aArabic languagexMorphology.2BUEsh 7aArabic languagexPhonology.2BUEsh bHHUUEENNcNovember2019 vReading book 2ddccBB 00102ddc40708BaccahaMAINbMAINc2NDd2019-11-25ePurchaseg232.00l0o492.75 WATp000048320r2025-07-15 00:00:00v290.00w2019-11-25yBB